Hamar egy fesztivált! beszámoló a 40. Jókai Napokról

Bibliographic Details
Main Author: Bárány, János, 1966- (Author)
Format: Article
Language:Hungarian
PhysicalDescription:Fotogr.
ISSN:1335-6631
Subjects:

MARC

LEADER 00000nab a2200000 a 4500
001 vtls000844478
003 SK-MaSNL
005 20260318114738.0
008 160405c2003 xo 0 hun
015 |a SNBRB2003/09-23941 
035 |a CLN000196133 
040 |a SNKBUCL  |b slo  |c SNKBUCL  |e AACR2 
041 0 |a hun 
044 |a xo  |c SK 
080 |a 792.091.4:792.077(437.6=945.11)  |2 1997 
080 |a 792.077(437.6=945.11)  |2 1997 
100 1 |a Bárány, János,  |d 1966-  |4 aut  |9 361125 
245 1 0 |a Hamar egy fesztivált!  |b beszámoló a 40. Jókai Napokról  |c Bárány János 
300 |b Fotogr. 
611 1 7 |a Jókaiho dni  |n (40. :  |d 2003  |c : Komárno, Slovensko)  |2 snkbucl  |9 25802 
651 7 |a Komárno (Slovensko : okres)  |2 snkbucl  |9 15954 
655 7 |a články z novín a časopisov  |2 snkbucl  |9 267496 
773 0 |x 1335-6631  |t Szabad újság  |g Roč. 11, č. 27 (2003), s. 8 
850 |a Slovenská národná knižnica v Martine 
852 |a SNK  |b KIS3GCP 
958 |a HU 
958 |a SK 
958 |a RBX 
999 |c 3329096  |d 3331026